[Event "Moscow op-A 13th"]
[Site "Moscow"]
[Date "2017.02.05"]
[Round "9"]
[White "Merkushev, Dmitry"]
[Black "Vetryansky, Vladimir"]
[Result "1-0"]
[WhiteElo "2114"]
[BlackElo "2274"]
[PlyCount "69"]
[EventDate "2017.01.28"]
[EventType "swiss"]
[EventRounds "9"]
[EventCountry "RUS"]
[SourceTitle "EXT 2018"]
[Source "ChessBase"]
[SourceDate "2017.10.13"]
[SourceVersion "1"]
[SourceVersionDate "2017.10.13"]
[SourceQuality "1"]

1. Nf3 Nf6 2. d4 g6 3. c3 Bg7 4. Bf4 0-0 5. h3 b6 6. Nbd2 Bb7 7. e3 d6 8. Bc4 e6 9. Qe2 c5 10. 0-0 Nc6 11. Rfd1 Qe7 12. Bg5 h6 13. Bh4 Rac8 14. dxc5 bxc5 15. Bxf6 Bxf6 16. Ne4 Rcd8 17. Ba6 Ba8 18. Nxf6+ Qxf6 19. Rd2 Ne7 20. Rad1 Bxf3 21. Qxf3 Qxf3 22. gxf3 d5 23. b4 Rd6 24. b5 c4 25. a4 g5 26. e4 Rfd8 27. exd5 exd5 28. Bb7 Kf8 29. a5 Ng6 30. Rxd5 Rxd5 31. Rxd5 Rb8 32. a6 Nf4 33. Rc5 Ne2+ 34. Kf1 Nxc3 35. b6 1-0

[Event "Moscow op-A 13th"]
[Site "Moscow"]
[Date "2017.02.03"]
[Round "7"]
[White "Vetryansky, Vladimir"]
[Black "Navrodsky, Boris"]
[Result "0-1"]
[WhiteElo "2274"]
[BlackElo "2153"]
[PlyCount "58"]
[EventDate "2017.01.28"]
[EventType "swiss"]
[EventRounds "9"]
[EventCountry "RUS"]
[SourceTitle "EXT 2018"]
[Source "ChessBase"]
[SourceDate "2017.10.13"]
[SourceVersion "1"]
[SourceVersionDate "2017.10.13"]
[SourceQuality "1"]

1. e4 c6 2. d4 d5 3. Nc3 dxe4 4. Nxe4 Nd7 5. Bc4 e6 6. Bf4 Ngf6 7. Ng5 Nb6 8. Bb3 Be7 9. Ne2 Nfd5 10. Ne4 Nxf4 11. Nxf4 Nd5 12. Nd3 Nf6 13. Nxf6+ Bxf6 14. c3 0-0 15. Qf3 Qc7 16. 0-0-0 b6 17. h4 Bb7 18. Qh5 c5 19. dxc5 bxc5 20. Bc2 c4 21. Ne1 Qf4+ 22. Kb1 g6 23. Qe2 Rab8 24. Rh3 Bd5 25. Ka1 Rb6 26. Bb1 Rfb8 27. Rd2 Be7 28. g3 Qf6 29. f4 Qxc3 0-1

[Event "Moscow op-A 13th"]
[Site "Moscow"]
[Date "2017.02.02"]
[Round "6"]
[White "Mammadzada, Gunay Vuqar Qizi"]
[Black "Vetryansky, Vladimir"]
[Result "1-0"]
[WhiteElo "2345"]
[BlackElo "2274"]
[PlyCount "87"]
[EventDate "2017.01.28"]
[EventType "swiss"]
[EventRounds "9"]
[EventCountry "RUS"]
[SourceTitle "EXT 2018"]
[Source "ChessBase"]
[SourceDate "2017.10.13"]
[SourceVersion "1"]
[SourceVersionDate "2017.10.13"]
[SourceQuality "1"]

1. e4 e5 2. Nf3 Nf6 3. Nxe5 d6 4. Nf3 Nxe4 5. d4 d5 6. Bd3 Nc6 7. 0-0 Be7 8. Nbd2 Nd6 9. c3 Bf5 10. Qc2 Bxd3 11. Qxd3 0-0 12. Ne5 Re8 13. Nxc6 bxc6 14. Nf3 Bf6 15. Bf4 Rb8 16. b3 Ne4 17. Ne5 Bxe5 18. Bxe5 Re6 19. f3 Nd6 20. Rae1 Qc8 21. Bg3 Rxe1 22. Rxe1 h6 23. Re7 Qd8 24. Re2 Nb5 25. Kf2 Qd7 26. Re3 Re8 27. Rxe8+ Qxe8 28. c4 dxc4 29. bxc4 Nd6 30. c5 Nb7 31. Qa6 Qd7 32. Qxb7 Qxd4+ 33. Ke2 Qc4+ 34. Kd2 Qd4+ 35. Kc2 Qxc5+ 36. Kb2 Qd4+ 37. Ka3 Qd3+ 38. Qb3 Qa6+ 39. Kb2 Qe2+ 40. Qc2 Qb5+ 41. Kc3 f5 42. Qd2 Qa5+ 43. Kd3 Qb5+ 44. Ke3 1-0

[Event "Moscow op-A 13th"]
[Site "Moscow"]
[Date "2017.01.31"]
[Round "4"]
[White "Barseghyan, Armen Ar"]
[Black "Vetryansky, Vladimir"]
[Result "1-0"]
[WhiteElo "1970"]
[BlackElo "2274"]
[PlyCount "79"]
[EventDate "2017.01.28"]
[EventType "swiss"]
[EventRounds "9"]
[EventCountry "RUS"]
[SourceTitle "EXT 2018"]
[Source "ChessBase"]
[SourceDate "2017.10.13"]
[SourceVersion "1"]
[SourceVersionDate "2017.10.13"]
[SourceQuality "1"]

1. d4 Nf6 2. Nf3 d5 3. c4 g6 4. cxd5 Nxd5 5. e4 Nb6 6. Nc3 Bg7 7. h3 0-0 8. Be3 c6 9. Be2 Be6 10. 0-0 h6 11. Re1 Nc4 12. Bxc4 Bxc4 13. Qd2 Kh7 14. Rad1 Qa5 15. b3 Be6 16. Ne2 Qxd2 17. Nxd2 Rd8 18. Nf4 Bc8 19. Nc4 b6 20. Ne5 Kg8 21. Rc1 Bb7 22. Nfd3 g5 23. Red1 f6 24. Nf3 Na6 25. b4 Nc7 26. d5 Rd6 27. Nd4 e6 28. Nxc6 Ne8 29. b5 f5 30. e5 Rxd5 31. Ne7+ Kf7 32. Nxd5 Bxd5 33. Nb4 Rd8 34. Nxd5 exd5 35. Bd4 Rd7 36. Rc6 Nc7 37. Rdc1 Ne6 38. Rxe6 Kxe6 39. Rc6+ Ke7 40. e6 1-0

[Event "Saratov Region-ch"]
[Site "Saratov"]
[Date "2016.12.23"]
[Round "9"]
[White "Vetryansky, Vladimir"]
[Black "Sanzhaev, Darsen"]
[Result "1-0"]
[WhiteElo "2274"]
[BlackElo "2401"]
[PlyCount "113"]
[EventDate "2016.12.15"]
[EventType "swiss"]
[EventRounds "9"]
[EventCountry "RUS"]
[SourceTitle "EXT 2018"]
[Source "ChessBase"]
[SourceDate "2017.10.13"]
[SourceVersion "1"]
[SourceVersionDate "2017.10.13"]
[SourceQuality "1"]

1. d4 Nf6 2. Nf3 e6 3. g3 b5 4. Bg2 Bb7 5. 0-0 a6 6. c4 bxc4 7. Qa4 Be7 8. Qxc4 0-0 9. Nc3 d6 10. Qb3 Qc8 11. Bf4 Nbd7 12. Rac1 Ra7 13. Qc2 Qa8 14. Ne1 Bxg2 15. Nxg2 c5 16. dxc5 Nxc5 17. Be3 Rb7 18. Bxc5 dxc5 19. Ne3 Qb8 20. b3 Qe5 21. Rfd1 Rb4 22. Qd3 Rd4 23. Qxa6 Rfd8 24. Qb7 Bf8 25. Qf3 Qg5 26. Kg2 h5 27. Nb5 R4d7 28. Rxd7 Rxd7 29. Rd1 Nd5 30. Nc3 Nxe3+ 31. Qxe3 Qxe3 32. fxe3 Rb7 33. Ne4 Be7 34. Rc1 Rb5 35. Rc4 f5 36. Nc3 Rb4 37. e4 g6 38. exf5 gxf5 39. e4 fxe4 40. Nxe4 Kf7 41. Kf3 e5 42. Rxb4 cxb4 43. Nd2 Ke6 44. Ke4 Bc5 45. Nc4 Bd4 46. a3 bxa3 47. Nxa3 Bg1 48. h3 Bf2 49. g4 hxg4 50. hxg4 Ba7 51. Nc4 Bb8 52. b4 Bc7 53. b5 Kf6 54. Kd5 Bb8 55. b6 Kg5 56. Nxe5 Kh4 57. Ke4 1-0

[Event "Saratov Region-ch"]
[Site "Saratov"]
[Date "2016.12.20"]
[Round "6"]
[White "Protopopova, Anastasiya"]
[Black "Vetryansky, Vladimir"]
[Result "1/2-1/2"]
[WhiteElo "2140"]
[BlackElo "2274"]
[PlyCount "138"]
[EventDate "2016.12.15"]
[EventType "swiss"]
[EventRounds "9"]
[EventCountry "RUS"]
[SourceTitle "EXT 2018"]
[Source "ChessBase"]
[SourceDate "2017.10.13"]
[SourceVersion "1"]
[SourceVersionDate "2017.10.13"]
[SourceQuality "1"]

1. d4 Nf6 2. c4 e6 3. g3 Bb4+ 4. Nd2 0-0 5. Bg2 d5 6. Ngf3 Nc6 7. Qc2 Ne4 8. e3 f5 9. 0-0 Be7 10. Ne1 Nb4 11. Qd1 c6 12. a3 Na6 13. Nd3 b6 14. Qc2 Bb7 15. Nf3 Rc8 16. b4 Nb8 17. Nfe5 Bd6 18. f3 Nf6 19. c5 Bc7 20. a4 Nfd7 21. cxb6 axb6 22. Nxd7 Nxd7 23. Bb2 Bd6 24. Qb3 Qe7 25. e4 fxe4 26. fxe4 dxe4 27. Bxe4 Nf6 28. Bg2 Nd5 29. Rae1 Rxf1+ 30. Bxf1 c5 31. dxc5 bxc5 32. Bh3 c4 33. Bxe6+ Qxe6 34. Rxe6 cxb3 35. Rxd6 Nc3 36. Nc5 Ne4 37. Rd7 Nxc5 38. bxc5 Be4 39. Rxg7+ Kf8 40. Rg4 Bd5 41. Rd4 Be6 42. Ba3 Kf7 43. Rf4+ Kg6 44. Bb2 Bd5 45. Ba3 Rb8 46. Rd4 Be6 47. Rd6 Kf7 48. Rb6 Rxb6 49. cxb6 Bc8 50. Kf2 Ke6 51. Ke3 Kd5 52. a5 Kc4 53. Kd2 Kb5 54. Kc3 Kxa5 55. Bc5 Ka4 56. Be3 Ka3 57. Bc1+ Ka4 58. Kb2 Kb4 59. g4 Bb7 60. h4 Bd5 61. g5 Kb5 62. Be3 Kc6 63. Bd4 Bf7 64. Bf2 Bd5 65. Bd4 Bf7 66. Kc3 Kb7 67. Kd3 Bg6+ 68. Ke3 b2 69. Bxb2 Kxb6 1/2-1/2

[Event "Saratov Spring Cup"]
[Site "Saratov"]
[Date "2013.03.19"]
[Round "7"]
[White "Astapov, Valeriy"]
[Black "Vetryansky, Vladimir"]
[Result "0-1"]
[WhiteElo "1887"]
[BlackElo "2181"]
[PlyCount "36"]
[EventDate "2013.03.12"]
[EventType "swiss"]
[EventRounds "9"]
[EventCountry "RUS"]
[SourceTitle "CBM 153 Extra"]
[Source "ChessBase"]
[SourceDate "2013.04.22"]
[SourceVersion "1"]
[SourceVersionDate "2013.04.22"]
[SourceQuality "1"]

1. e4 e5 2. Nf3 Nc6 3. Bc4 Bc5 4. 0-0 d6 5. c3 Qe7 6. d4 Bb6 7. d5 Nb8 8. Qe2 Nf6 9. Be3 Nbd7 10. Nbd2 Nf8 11. Bb5+ Bd7 12. Bxd7+ N6xd7 13. Nc4 Ng6 14. g3 0-0 15. Nfd2 f5 16. exf5 Rxf5 17. Bxb6 axb6 18. f4 exf4 0-1

[Event "Saratov Spring Cup"]
[Site "Saratov"]
[Date "2013.03.15"]
[Round "4"]
[White "Vetryansky, Vladimir"]
[Black "Guliyev, Hasan Ismayil"]
[Result "1/2-1/2"]
[WhiteElo "2181"]
[BlackElo "1714"]
[PlyCount "75"]
[EventDate "2013.03.12"]
[EventType "swiss"]
[EventRounds "9"]
[EventCountry "RUS"]
[SourceTitle "CBM 153 Extra"]
[Source "ChessBase"]
[SourceDate "2013.04.22"]
[SourceVersion "1"]
[SourceVersionDate "2013.04.22"]
[SourceQuality "1"]

1. d4 Nf6 2. c4 g6 3. Nc3 Bg7 4. e4 d6 5. f3 0-0 6. Be3 Nc6 7. Nge2 a6 8. Qd2 Re8 9. g3 Rb8 10. Rc1 e5 11. d5 Ne7 12. Bg2 b5 13. cxb5 axb5 14. b4 Bd7 15. 0-0 Nc8 16. Nd1 Nb6 17. Nb2 Ra8 18. Nc3 Qb8 19. Qe2 Rc8 20. Rc2 Nh5 21. Rfc1 f5 22. Bf1 f4 23. Bf2 fxg3 24. hxg3 Bh6 25. Ra1 Rf8 26. Nxb5 Bxb5 27. Qxb5 Rxf3 28. Bg2 Rfa3 29. Nc4 Nxc4 30. Qxc4 Nxg3 31. Qxc7 Qxb4 32. Qe7 Rc3 33. Rxc3 Qxc3 34. Rb1 Be3 35. Qe6+ Kh8 36. Qf6+ Kg8 37. Qe6+ Kh8 38. Qf6+ 1/2-1/2

[Event "Saratov Spring Cup"]
[Site "Saratov"]
[Date "2013.03.13"]
[Round "2"]
[White "Vetryansky, Vladimir"]
[Black "Fedukin, Alexandre"]
[Result "1-0"]
[WhiteElo "2181"]
[BlackElo "1849"]
[PlyCount "95"]
[EventDate "2013.03.12"]
[EventType "swiss"]
[EventRounds "9"]
[EventCountry "RUS"]
[SourceTitle "CBM 153 Extra"]
[Source "ChessBase"]
[SourceDate "2013.04.22"]
[SourceVersion "1"]
[SourceVersionDate "2013.04.22"]
[SourceQuality "1"]

1. e4 e6 2. d3 c5 3. g3 d5 4. Nd2 Nc6 5. Bg2 Nf6 6. Ngf3 d4 7. 0-0 h6 8. Ne1 g5 9. f4 gxf4 10. Rxf4 e5 11. Rf1 Bg4 12. Nef3 Qe7 13. h3 Be6 14. Nh4 Rg8 15. Qf3 Nh7 16. Nf5 Qf6 17. Nc4 Bxc4 18. dxc4 Qg6 19. h4 0-0-0 20. Bh3 Kb8 21. Kh2 Nb4 22. Rf2 d3 23. c3 Nc2 24. Rb1 Qa6 25. Bd2 Qxa2 26. Rff1 Qxc4 27. Bxh6 Bxh6 28. Nxh6 Rg7 29. Nxf7 Rf8 30. Nxe5 Rxf3 31. Nxc4 Rgxg3 32. Bg2 Rxf1 33. Bxf1 Rf3 34. Kg2 Rf8 35. Bxd3 b5 36. Bxc2 bxc4 37. e5 Rg8+ 38. Kf3 Nf8 39. Bf5 Kc7 40. Ra1 Kb6 41. e6 Ng6 42. Bxg6 Rxg6 43. Re1 Rg8 44. e7 Re8 45. Kf4 Kc6 46. Kf5 Kd7 47. Kf6 Rb8 48. Kf7 1-0

[Event "Saratov Spring Cup"]
[Site "Saratov"]
[Date "2013.03.12"]
[Round "1"]
[White "Tolkanitsa, Vladimir"]
[Black "Vetryansky, Vladimir"]
[Result "0-1"]
[WhiteElo "1754"]
[BlackElo "2181"]
[PlyCount "62"]
[EventDate "2013.03.12"]
[EventType "swiss"]
[EventRounds "9"]
[EventCountry "RUS"]
[SourceTitle "CBM 153 Extra"]
[Source "ChessBase"]
[SourceDate "2013.04.22"]
[SourceVersion "1"]
[SourceVersionDate "2013.04.22"]
[SourceQuality "1"]

1. e4 c6 2. d4 d5 3. f3 e5 4. dxe5 Bc5 5. Nc3 Qb6 6. Nh3 Bxh3 7. gxh3 Be7 8. Qd3 Bh4+ 9. Kd1 d4 10. Ne2 Na6 11. Qb3 Ne7 12. Ng3 Nc5 13. Qxb6 axb6 14. Rg1 g6 15. Bg2 b5 16. f4 Nc8 17. Ke2 Nb6 18. b3 0-0 19. Rd1 d3+ 20. Kd2 Rfd8 21. Bb2 dxc2+ 22. Kxc2 Rxd1 23. Rxd1 Rxa2 24. f5 Ra8 25. Bd4 Be7 26. b4 Nca4 27. Kb3 Nc4 28. e6 fxe6 29. fxe6 Rd8 30. Bf3 b6 31. Ba1 Nd2+ 0-1

[Event "Saratov Winter Cup"]
[Site "Saratov"]
[Date "2013.01.18"]
[Round "7"]
[White "Vetryansky, Vladimir"]
[Black "Efimov, Ivan"]
[Result "1-0"]
[WhiteElo "2165"]
[BlackElo "2121"]
[PlyCount "85"]
[EventDate "2013.01.12"]
[EventType "swiss"]
[EventRounds "9"]
[EventCountry "RUS"]
[SourceTitle "CBM 152 Extra"]
[Source "ChessBase"]
[SourceDate "2013.02.25"]
[SourceVersion "1"]
[SourceVersionDate "2013.02.25"]
[SourceQuality "1"]

1. e4 e5 2. Nc3 Nf6 3. g3 d5 4. exd5 Nxd5 5. Bg2 Nxc3 6. bxc3 Bc5 7. Nf3 Nc6 8. 0-0 0-0 9. d3 Bg4 10. h3 Bh5 11. g4 Bg6 12. Ng5 Bb6 13. Qe2 Qd7 14. Nf3 f6 15. Nh4 Bf7 16. Be4 Bd5 17. Ba3 Rf7 18. Bf5 Be6 19. Be4 Re8 20. Nf5 Bd5 21. Rab1 Nd8 22. c4 Bxe4 23. Qxe4 Qa4 24. Rb3 Rd7 25. Qg2 g6 26. Ng3 Kg7 27. Ne4 Ne6 28. Nc3 Qa6 29. Bc1 Nd4 30. Ra3 Ba5 31. Ne4 b6 32. f4 Qc8 33. fxe5 Rxe5 34. c3 Nc6 35. d4 Ree7 36. Nxf6 Rd6 37. Qf2 Rde6 38. Bh6+ Kh8 39. Nd5 Re8 40. Qf7 Rg8 41. Nf6 Re7 42. Qxg8+ Qxg8 43. Nxg8 1-0

[Event "Saratov Winter Cup"]
[Site "Saratov"]
[Date "2013.01.17"]
[Round "6"]
[White "Biryukov, Dmitriy"]
[Black "Vetryansky, Vladimir"]
[Result "0-1"]
[WhiteElo "2305"]
[BlackElo "2165"]
[PlyCount "110"]
[EventDate "2013.01.12"]
[EventType "swiss"]
[EventRounds "9"]
[EventCountry "RUS"]
[SourceTitle "CBM 152 Extra"]
[Source "ChessBase"]
[SourceDate "2013.02.25"]
[SourceVersion "1"]
[SourceVersionDate "2013.02.25"]
[SourceQuality "1"]

1. e4 e5 2. Nf3 Nc6 3. Bb5 Nf6 4. 0-0 Nxe4 5. d4 Nd6 6. Bxc6 dxc6 7. dxe5 Nf5 8. Qxd8+ Kxd8 9. Rd1+ Ke8 10. b3 h6 11. Bb2 Be6 12. Nc3 Rd8 13. Ne2 Bd5 14. Nfd4 Nxd4 15. Nxd4 Be4 16. c4 Bc5 17. Bc3 a5 18. Rd2 Ke7 19. Rad1 Bb4 20. Bxb4+ axb4 21. f3 Bh7 22. Kf2 c5 23. Ne2 Rxd2 24. Rxd2 Rd8 25. Rxd8 Kxd8 26. Ke3 Bb1 27. Kd2 g5 28. Kc1 Bg6 29. g4 Kd7 30. f4 Be4 31. Ng3 Bf3 32. Kd2 gxf4 33. Nh5 Ke6 34. Nxf4+ Kxe5 35. Ke3 Bxg4 36. Nd3+ Kd6 37. Kf4 Bh5 38. Ne1 Bg6 39. Nf3 Ke6 40. Nd2 c6 41. Nf3 f6 42. Nd2 b5 43. Ke3 Bc2 44. Kf4 f5 45. Ke3 Bd1 46. Kf4 Bc2 47. Ke3 Ke5 48. Nf3+ Kf6 49. Nd2 Kg5 50. Nf3+ Kg4 51. Ne5+ Kh3 52. Nd7 bxc4 53. bxc4 Bb1 54. Nxc5 Bxa2 55. Nd3 b3 0-1

[Event "Saratov SSEU Cup"]
[Site "Saratov"]
[Date "2012.12.17"]
[Round "6"]
[White "Vetryansky, Vladimir"]
[Black "Karpenko, Artem"]
[Result "0-1"]
[WhiteElo "2166"]
[BlackElo "1996"]
[PlyCount "152"]
[EventDate "2012.12.06"]
[EventType "tourn"]
[EventRounds "9"]
[EventCountry "RUS"]
[SourceTitle "CBM 152 Extra"]
[Source "ChessBase"]
[SourceDate "2013.02.25"]
[SourceVersion "1"]
[SourceVersionDate "2013.02.25"]
[SourceQuality "1"]

1. Nf3 d5 2. c4 d4 3. d3 c5 4. g3 Nc6 5. Bg2 e5 6. 0-0 Nf6 7. a3 Bd6 8. b4 0-0 9. b5 Ne7 10. e3 Ng6 11. exd4 exd4 12. Re1 Bf5 13. Ng5 Qc7 14. Ne4 Nxe4 15. dxe4 Be6 16. Nd2 f6 17. f4 Bf7 18. Qc2 Rfe8 19. Nf3 Rad8 20. Bf1 Re7 21. Bd3 Rde8 22. Bd2 Qd7 23. Kg2 Nf8 24. Re2 Bh5 25. Rf2 Bg6 26. Re1 b6 27. Nh4 Bf7 28. Qd1 Be6 29. Kg1 Bg4 30. Qc2 Ng6 31. Nxg6 hxg6 32. a4 Bc7 33. a5 Bb8 34. Ra1 Qb7 35. axb6 axb6 36. e5 fxe5 37. fxe5 Bxe5 38. Bg5 Re6 39. Be4 Qc7 40. Bd5 d3 41. Bxe6+ Bxe6 42. Qd1 Bxa1 43. Qxa1 Bxc4 44. Qc3 Bxb5 45. Qb3+ c4 46. Qxb5 Re5 47. Qa4 Rxg5 48. Qe8+ Kh7 49. Rf8 Qc5+ 50. Kg2 Qd5+ 51. Kg1 Qd4+ 52. Kg2 Qb2+ 53. Kf3 Qe2+ 54. Qxe2 dxe2 55. Kxe2 Rc5 56. Kd2 c3+ 57. Kc2 b5 58. h4 b4 59. Rb8 Rc4 60. Rb6 Kh6 61. Rb5 Rg4 62. Rb8 Kh7 63. Kb3 g5 64. hxg5 Kg6 65. Rb7 Rd4 66. Rc7 Kxg5 67. Rxg7+ Kf5 68. Rg8 Ke4 69. g4 Kd3 70. g5 Kd2 71. Rc8 Rg4 72. Rc5 Kc1 73. Rf5 Rg1 74. Ra5 Kb1 75. Ra2 Rxg5 76. Rh2 c2 0-1

[Event "Saratov SSEU Cup"]
[Site "Saratov"]
[Date "2012.12.14"]
[Round "5"]
[White "Borisovsky, Viktor"]
[Black "Vetryansky, Vladimir"]
[Result "1/2-1/2"]
[WhiteElo "2151"]
[BlackElo "2166"]
[PlyCount "172"]
[EventDate "2012.12.06"]
[EventType "tourn"]
[EventRounds "9"]
[EventCountry "RUS"]
[SourceTitle "CBM 152 Extra"]
[Source "ChessBase"]
[SourceDate "2013.02.25"]
[SourceVersion "1"]
[SourceVersionDate "2013.02.25"]
[SourceQuality "1"]

1. d4 d5 2. c4 c6 3. Nc3 Nf6 4. Nf3 e6 5. e3 Nbd7 6. b3 Bd6 7. Be2 0-0 8. 0-0 Ne4 9. Bb2 f5 10. Qc1 Rf6 11. Ne5 Rh6 12. g3 Nxe5 13. Nxe4 Nd3 14. Bxd3 fxe4 15. Be2 Qg5 16. Ba3 Bc7 17. f4 Qf6 18. Qe1 Qd8 19. g4 Rf6 20. g5 Rf7 21. h4 Bd6 22. Bxd6 Qxd6 23. c5 Qc7 24. Qg3 b6 25. Rac1 b5 26. g6 Rf6 27. gxh7+ Kxh7 28. Kf2 e5 29. dxe5 Qxe5 30. Rg1 Qe7 31. Qg5 Bf5 32. Qh5+ Kg8 33. Rg5 g6 34. Qh6 Qg7 35. Qxg7+ Kxg7 36. h5 Rh8 37. Rcg1 Rh6 38. b4 Kf7 39. a4 a6 40. axb5 axb5 41. Ra1 Ke7 42. Ra7+ Kd8 43. Ke1 Kc8 44. Kd2 Kb8 45. Re7 Rf8 46. Kc3 gxh5 47. Bxh5 Bc8 48. Kd4 Rfh8 49. Be8 Rh2 50. Bxc6 Rd2+ 51. Ke5 d4 52. Kxe4 dxe3 53. Kxe3 Rb2 54. Re4 Rh3+ 55. Kd4 Rxb4+ 56. Ke5 Rxe4+ 57. Bxe4 Rc3 58. Kd6 Rc4 59. Re5 Rd4+ 60. Ke7 Kc7 61. f5 Rxe4 62. Rxe4 Bxf5 63. Rf4 Bh3 64. Rf6 b4 65. Rb6 Bf1 66. Rxb4 Kc6 67. Rb1 Bc4 68. Kf6 Kxc5 69. Ke5 Bb5 70. Rc1+ Bc4 71. Rc2 Kb4 72. Kd4 Bf7 73. Rc7 Be8 74. Rb7+ Ka3 75. Kc4 Ka2 76. Kc3 Bg6 77. Rb2+ Ka1 78. Rb6 Bh7 79. Rb7 Bf5 80. Rf7 Be4 81. Rf4 Bh7 82. Rg4 Bf5 83. Rg5 Be6 84. Kc2 Bf7 85. Rg7 Be6 86. Ra7+ Ba2 1/2-1/2

[Event "Saratov Region-ch"]
[Site "Saratov"]
[Date "2012.05.31"]
[Round "3"]
[White "Vetryansky, Vladimir"]
[Black "Protopopova, Anastasiya"]
[Result "1-0"]
[WhiteElo "2184"]
[BlackElo "1763"]
[PlyCount "59"]
[EventDate "2012.05.29"]
[EventType "swiss"]
[EventRounds "9"]
[EventCountry "RUS"]
[SourceTitle "CBM 148 Extra"]
[Source "ChessBase"]
[SourceDate "2012.06.22"]
[SourceVersion "1"]
[SourceVersionDate "2012.06.22"]
[SourceQuality "1"]

1. d4 Nf6 2. c4 e6 3. Nf3 b6 4. g3 Ba6 5. Qc2 Be7 6. Bg2 Bb7 7. Nc3 0-0 8. e4 Bb4 9. e5 Ne4 10. Ng5 Nxg5 11. Bxb7 Nc6 12. Bxg5 Qxg5 13. Bxa8 Rxa8 14. Qe4 Re8 15. h4 Qh6 16. Rd1 f5 17. Qf4 Qh5 18. 0-0 Bxc3 19. bxc3 Qe2 20. Rfe1 Qxa2 21. d5 Na5 22. dxe6 dxe6 23. Rd7 h6 24. Rxc7 Qb2 25. Qf3 Kh7 26. Rd1 Qb3 27. Qh5 Rg8 28. Rd6 Qxc3 29. Rxe6 Qc1+ 30. Kg2 1-0

[Event "Saratov Region-ch"]
[Site "Saratov"]
[Date "2012.05.30"]
[Round "2"]
[White "Eramian, Gamlet"]
[Black "Vetryansky, Vladimir"]
[Result "1/2-1/2"]
[WhiteElo "2071"]
[BlackElo "2184"]
[PlyCount "90"]
[EventDate "2012.05.29"]
[EventType "swiss"]
[EventRounds "9"]
[EventCountry "RUS"]
[SourceTitle "CBM 148 Extra"]
[Source "ChessBase"]
[SourceDate "2012.06.22"]
[SourceVersion "1"]
[SourceVersionDate "2012.06.22"]
[SourceQuality "1"]

1. d4 d5 2. Nf3 Nc6 3. g3 Bf5 4. Bg2 f6 5. c4 e6 6. cxd5 exd5 7. 0-0 Bb4 8. a3 Ba5 9. Nc3 Nge7 10. b4 Bb6 11. Na4 0-0 12. Nc5 Bxc5 13. dxc5 Be4 14. Bb2 Ng6 15. Nd4 Bxg2 16. Nxc6 bxc6 17. Kxg2 Re8 18. Qd3 Qe7 19. e3 Qe4+ 20. Qxe4 Rxe4 21. Bd4 Ne7 22. Rab1 a6 23. Rfd1 Nf5 24. Kf1 Kf7 25. Rb3 Rb8 26. a4 h5 27. f3 Re6 28. Kf2 Rbe8 29. Rd2 g5 30. h3 g4 31. hxg4 hxg4 32. fxg4 Nh6 33. Kf3 Kg6 34. Rh2 Nf7 35. Rf2 Ng5+ 36. Kg2 Ne4 37. Rf4 Rb8 38. Rb1 Re7 39. Rh1 Rxb4 40. g5 fxg5 41. Rf8 Rc4 42. Rhh8 Rc2+ 43. Kg1 Rc1+ 44. Kg2 Rc2+ 45. Kg1 Rc1+ 1/2-1/2

[Event "Saratov SSEU Cup 2nd Stage"]
[Site "Saratov"]
[Date "2012.05.15"]
[Round "4"]
[White "Smirnov, Alexandr A"]
[Black "Vetryansky, Vladimir"]
[Result "1/2-1/2"]
[WhiteElo "2173"]
[BlackElo "2184"]
[PlyCount "81"]
[EventDate "2012.05.11"]
[EventType "swiss"]
[EventRounds "9"]
[EventCountry "RUS"]
[SourceTitle "EXT 2020"]
[Source "ChessBase"]
[SourceDate "2019.10.17"]
[SourceVersion "1"]
[SourceVersionDate "2019.10.17"]
[SourceQuality "1"]

1. e4 e5 2. Nf3 Nf6 3. Nxe5 d6 4. Nf3 Nxe4 5. Qe2 Qe7 6. d3 Nf6 7. Bg5 Qxe2+ 8. Bxe2 Be7 9. 0-0 0-0 10. d4 Bg4 11. Nbd2 c6 12. Nc4 d5 13. Nce5 Bxf3 14. Bxf6 Bxe2 15. Bxe7 Bxf1 16. Bxf8 Kxf8 17. Kxf1 f6 18. Nd3 Nd7 19. Re1 Re8 20. Rxe8+ Kxe8 21. Ke2 Ke7 22. c3 b6 23. Ke3 Nf8 24. Nf4 Ne6 25. Nxe6 Kxe6 26. Kf4 g6 27. h4 h6 28. a4 f5 29. g3 Kf6 30. f3 g5+ 31. hxg5+ hxg5+ 32. Ke3 Kg6 33. g4 fxg4 34. fxg4 Kf6 35. b4 b5 36. a5 a6 37. Kf2 Kg7 38. Kg1 Kf8 39. Kh1 Ke7 40. Kh2 Kd7 41. Kh3 1/2-1/2

[Event "Saratov SSEU Cup 2nd Stage"]
[Site "Saratov"]
[Date "2012.05.11"]
[Round "1"]
[White "Vetryansky, Vladimir"]
[Black "Dvoryadkin, Maksim"]
[Result "1-0"]
[WhiteElo "2184"]
[BlackElo "2023"]
[PlyCount "75"]
[EventDate "2012.05.11"]
[EventType "swiss"]
[EventRounds "9"]
[EventCountry "RUS"]
[SourceTitle "EXT 2020"]
[Source "ChessBase"]
[SourceDate "2019.10.17"]
[SourceVersion "1"]
[SourceVersionDate "2019.10.17"]
[SourceQuality "1"]

1. e4 c5 2. Nf3 d6 3. c3 Nf6 4. Be2 Bd7 5. e5 dxe5 6. Nxe5 Nc6 7. Nxd7 Qxd7 8. 0-0 e6 9. d3 Be7 10. Nd2 0-0 11. Qc2 Rac8 12. Ne4 Nd5 13. Rd1 Qc7 14. Qa4 a6 15. Ng5 h6 16. Nf3 Bd6 17. g3 Ne5 18. Nxe5 Bxe5 19. Qg4 Nf6 20. Qf3 Qc6 21. Qxc6 Rxc6 22. Bf3 Rc7 23. Be3 Rfc8 24. a4 Rd7 25. a5 Bb8 26. d4 cxd4 27. Rxd4 Rxd4 28. Bxd4 Nd5 29. Ra4 Rd8 30. c4 Ne7 31. Be3 Nf5 32. Bb6 Rd7 33. Rb4 Nd6 34. Kg2 Kf8 35. c5 Nb5 36. c6 Re7 37. Bc5 bxc6 38. Bxc6 1-0

[Event "Saratov Winter Cup 1st stage"]
[Site "Saratov"]
[Date "2012.02.16"]
[Round "7"]
[White "Efimov, Ivan"]
[Black "Vetryansky, Vladimir"]
[Result "1/2-1/2"]
[WhiteElo "2142"]
[BlackElo "2193"]
[PlyCount "86"]
[EventDate "2012.02.10"]
[EventType "tourn"]
[EventRounds "9"]
[EventCountry "RUS"]
[SourceTitle "EXT 2013"]
[Source "ChessBase"]
[SourceDate "2012.11.22"]
[SourceVersion "1"]
[SourceVersionDate "2012.11.22"]
[SourceQuality "1"]

1. d4 d5 2. Nf3 Nf6 3. g3 Bf5 4. Bg2 e6 5. 0-0 Be7 6. c4 0-0 7. Qb3 Qc8 8. Nc3 c6 9. Nh4 Bg6 10. Nxg6 hxg6 11. e4 dxe4 12. Nxe4 Nxe4 13. Bxe4 Nd7 14. Bf4 Rd8 15. Rfd1 Nf6 16. Bg2 Bd6 17. Bg5 Qc7 18. Rac1 Qb6 19. Qc2 Be7 20. Rd3 Qa5 21. Bd2 Qf5 22. h3 e5 23. Be3 exd4 24. Rxd4 Qxc2 25. Rxc2 Rxd4 26. Bxd4 Rd8 27. Be3 Nd7 28. b3 Nc5 29. b4 Rd1+ 30. Kh2 Ne6 31. Bxa7 Bxb4 32. Rb2 Bc5 33. Rxb7 Rd2 34. Bxc5 Nxc5 35. Rb8+ Kh7 36. Bxc6 Rxf2+ 37. Kg1 Rxa2 38. Bd5 Nd3 39. Bxf7 Ra1+ 40. Kg2 Ra2+ 41. Kg1 Ra1+ 42. Kg2 Ra2+ 43. Kg1 Ra1+ 1/2-1/2

[Event "Saratov Winter Cup 1st stage"]
[Site "Saratov"]
[Date "2012.02.13"]
[Round "4"]
[White "Vetryansky, Vladimir"]
[Black "Zhestkov, Igor"]
[Result "1-0"]
[WhiteElo "2193"]
[BlackElo "1909"]
[PlyCount "77"]
[EventDate "2012.02.10"]
[EventType "tourn"]
[EventRounds "9"]
[EventCountry "RUS"]
[SourceTitle "EXT 2013"]
[Source "ChessBase"]
[SourceDate "2012.11.22"]
[SourceVersion "1"]
[SourceVersionDate "2012.11.22"]
[SourceQuality "1"]

1. d4 d5 2. c4 c6 3. Nc3 Nf6 4. Bf4 e6 5. e3 Nbd7 6. Qc2 a6 7. cxd5 Nxd5 8. Bg3 Bb4 9. e4 Nxc3 10. bxc3 Ba5 11. Nf3 c5 12. Be2 cxd4 13. Nxd4 0-0 14. 0-0 Bc7 15. Rfd1 Bxg3 16. hxg3 Qc7 17. Rd2 Nc5 18. Bf3 e5 19. Nf5 Bxf5 20. exf5 Rad8 21. Bd5 Qe7 22. Re1 Qf6 23. c4 Rfe8 24. Rde2 Re7 25. g4 h6 26. Qc3 Rde8 27. Re3 Qd6 28. Rh3 e4 29. Qd4 Ne6 30. fxe6 fxe6 31. g5 exd5 32. gxh6 gxh6 33. cxd5 Re5 34. Rg3+ Kh7 35. Rxe4 R8e7 36. Rxe5 Rxe5 37. Qd3+ Kh8 38. Qc3 Kh7 39. Qc2+ 1-0